How To Feel Confident. (Record no. 95320)

MARC details
000 -LEADER
fixed length control field 00525nam a2200217Ia 4500
005 - DATE AND TIME OF LATEST TRANSACTION
control field 20251121190754.0
008 - FIXED-LENGTH DATA ELEMENTS--GENERAL INFORMATION
fixed length control field 230125s9999 xx 000 0 und d
020 ## - INTERNATIONAL STANDARD BOOK NUMBER
International Standard Book Number 9780007335640
041 ## - LANGUAGE CODE
Language code of text/sound track or separate title eng
082 ## - DEWEY DECIMAL CLASSIFICATION NUMBER
Classification number 158.1
Item number LOW
100 ## - MAIN ENTRY--PERSONAL NAME
Author Lowndes L
245 ## - TITLE STATEMENT
Title How To Feel Confident.
260 ## - PUBLICATION, DISTRIBUTION, ETC.
Date of publication, distribution, etc. 2014
Name of publisher, distributor, etc. Harper Element.
300 ## - PHYSICAL DESCRIPTION
Extent 283p
440 ## - SERIES STATEMENT/ADDED ENTRY--TITLE
Volume/sequential designation 1
500 ## - GENERAL NOTE
Keywords Personality Development;
650 ## - SUBJECT ADDED ENTRY--TOPICAL TERM
Topical term or geographic name entry element Personality Development
700 ## - ADDED ENTRY--PERSONAL NAME
Personal name Lowndes L
942 ## - ADDED ENTRY ELEMENTS (KOHA)
Koha item type Books
906 ## - LOCAL DATA ELEMENT F, LDF (RLIN)
b 29
Holdings
Withdrawn status Lost status Damaged status Not for loan Home library Current library Date acquired Vendor Net Price Bill number Total Checkouts Total Renewals Full call number Barcode Date last seen Date last checked out Actual Price Bill Date Koha item type Original Barcode
        Smt. Hiraben Nanavati Institute of Management & Research for Women Smt. Hiraben Nanavati Institute of Management & Research for Women 07/03/2018 Pritam Book Centre 350.00 10524 3 1 158.1 LOW B15903 HIMR-BK-15903 16/03/2026 02/03/2026 321.00 19/01/2018 Books B15903